| 000 | 01591nam0a2200409 4500 | ||
|---|---|---|---|
| 001 | RU\NLR\BIBL_A\016346085 | ||
| 005 | 20250625051115.0 | ||
| 010 |
_a978-5-389-19694-0 _92000 |
||
| 021 |
_aRU _b2023-16581 _9КН-П-1657 |
||
| 035 | _a(RuMoRGB)011656181 | ||
| 035 | _a(NLR Aleph) 016346085 | ||
| 090 |
_a13106472 _c13106472 |
||
| 100 | _a20230417d2023 |||y0rusy50 ca | ||
| 101 | 1 |
_arus _ceng |
|
| 102 | _aRU | ||
| 105 | _aab||z|||000zy | ||
| 181 | 0 |
_ai2 _bab2e |
|
| 181 | 0 |
_ab2 _bbb2e |
|
| 182 | 0 | _an | |
| 200 | 1 |
_a100 величайших соборов Европы _dEurope's 100 best cathedrals _fСаймон Дженкинс _gперевод с английского Татьяны Черезовой _zeng |
|
| 203 |
_aИзображение _aТекст _bвизуальные _cнепосредственные |
||
| 210 |
_aМосква _cКоЛибри _cАзбука-Аттикус _d2023 |
||
| 215 |
_a351 с. _cцв. ил., карта _d28 |
||
| 300 | _aАвт. также на англ. яз.: Simon Jenkins | ||
| 333 | _a16+ | ||
| 510 | 1 |
_6z73790 _aEurope's 100 best cathedrals _zeng |
|
| 532 | 1 | 2 | _aСто величайших соборов Европы |
| 606 | 1 |
_aЦеркви и соборы _yЕвропейские страны _92508243 _3RU\NLR\AUTH\661487131 |
|
| 675 |
_a726:27-523.4(4) _v4 |
||
| 686 | 2 | _aЭ37-39(4)-655 | |
| 700 | 1 |
_aДженкинс _bС. _f1943- _gСаймон |
|
| 790 | 1 |
_6z73510 _aJenkins _bS. _f1943- _gSimon |
|
| 942 | _cBOOK | ||
| 980 | _aNB | ||